00333nam a2200145Ia 45000030006000000080041000060400015000471000017000622450022000792500006001012600043001073000006001505460014001560050017001700STCL150530s9999 xx 000 0 und d aSTCLcSTCL aParur George aPirannal Sammanam a1 bCurrent Book; Thrissurc1988aThrissur a0 aMalayalam20220125170745.0